Statistiken für Der ewige zweite

Klicken Sie hier um das Quiz zu spielen!

Allgemein

  • Dieses Quiz wurde 667 mal gespielt
    (287 seit der letzten Aktualisierung)
  • Das Durchschnittsergebnis liegt bei 9 aus 14

Antwortstatistiken

HintAntwort% Korrekt
Zweitgrößte Stadt in DeutschlandHamburg
97%
Zweitgrößtes Land der WeltKanada
92%
Zweitlängster Fluss der WeltAmazonas
91%
Zweitgrößter OzeanAtlantik
91%
Land mit der zweitgrößten BevölkerungIndien
89%
Zweithöchster Berg der WeltK2
89%
Bundesland mit der zweitgrößten BevölkerungBayern
88%
Zweitgrößtes Bundesland DeutschlandsNiedersachsen
78%
Zweitkleinstes Land der WeltMonaco
70%
Zweiter Mensch auf dem MondBuzz Aldrin
43%
Zweitgrößte Insel der WeltNeuguinea
28%
Zweitgrößter See der WeltOberer See
25%
Zweitgrößtes TierFinnwal
12%
Zweittiefster TiefseegrabenTongagraben
3%

Verteilung der Resultate

Perzentil nach korrekt beantworteten Fragen

Anzahl Personen mit jedem Resultat

Ihre Resultats-Entwicklung

Sie haben dieses Quiz seit der letzten Aktualisierung nicht gespielt